| 000 | 00557nam a2200217Ia 4500 | ||
|---|---|---|---|
| 005 | 20240320140135.0 | ||
| 008 | 131103s9999 xx 000 0 und d | ||
| 020 |
_a81 85185 39 5 _cRs 75.00 |
||
| 040 | _aLoreto College | ||
| 041 | _aEnglish | ||
| 082 |
_a150 _bRAM |
||
| 100 | _aRamalingam, Panch | ||
| 245 |
_aDictionary of Psychology _cPanch Ramalingam |
||
| 250 | _a5th ed. | ||
| 260 |
_aNew Delhi _bAcademic pub. _c2002 |
||
| 300 | _a271p | ||
| 650 | _aPsychology | ||
| 651 | _aDictionary - Psychology | ||
| 850 | _aLCBED | ||
| 942 | _cBK | ||
| 999 |
_c26948 _d77427 |
||